000 00334nam a22001457a 4500
008 210602b ||||| |||| 00| 0 eng d
020 _a9780815128564
041 _aeng
080 _25th
_a616.073
082 _a616.073
100 _a6
101 _aRAD
245 _aPatient Care in Radiography
_cRuth A. Ehrlich
942 _2udc
_cBK
999 _c57879
_d57879